|
|
|
|
| LEADER |
02353nam a2200337 a 4500 |
| 001 |
13172466 |
| 008 |
100517s2003 njua b 001 0 eng d |
| 010 |
|
|
|a 2003269366
|
| 020 |
|
|
|a 8129700417
|
| 020 |
|
|
|a 0137903952
|
| 040 |
|
|
|a DLC
|c DLC
|d DLC
|d DB-DhAAL
|
| 082 |
0 |
0 |
|a 006.3
|2 21
|
| 100 |
1 |
|
|a Russell, Stuart J.
|q (Stuart Jonathan)
|
| 245 |
1 |
0 |
|a Artificial intelligence :
|b a modern approach /
|c Stuart J. Russell and Peter Norvig ; contributing writers, John F. Canny ... [et al.].
|
| 250 |
|
|
|a 2nd ed.
|
| 260 |
|
|
|a Upper Saddle River, N.J. ;
|a New Delhi :
|b Prentice Hall/Pearson Education,
|c c2003.
|
| 300 |
|
|
|a xxviii, 1080 p. :
|b ill. ;
|c 27 cm.
|
| 490 |
0 |
|
|a Prentice Hall series in artificial intelligence
|
| 504 |
|
|
|a Includes bibliographical references (p. 987-1043) and index.
|
| 541 |
1 |
|
|e 00009415
|
| 650 |
|
0 |
|a Artificial intelligence.
|
| 852 |
4 |
|
|a Ayesha Abed Library
|j General Shelf.
|
| 999 |
|
|
|c 8637
|d 8637
|
| 952 |
|
|
|0 0
|1 0
|2 ddc
|4 0
|6 006_300000000000000_RUS_2003
|7 0
|9 10305
|a BRACUL
|b BRACUL
|c GEN
|d 2010-05-18
|l 14
|m 110
|o 006.3 RUS
|p 3010009415
|r 2025-07-15
|s 2025-06-29
|t 1
|w 2010-05-18
|y BK
|
| 952 |
|
|
|0 0
|1 0
|2 ddc
|4 0
|6 006_300000000000000_RUS_2003
|7 0
|9 13081
|a BRACUL
|b BRACUL
|c GEN
|d 2010-11-06
|l 15
|m 143
|o 006.3 RUS
|p 3010009421
|r 2025-09-01
|s 2025-08-17
|t 2
|w 2010-11-06
|y BK
|
| 952 |
|
|
|0 0
|1 0
|2 ddc
|4 0
|6 006_300000000000000_RUS_2003
|7 0
|9 13082
|a BRACUL
|b BRACUL
|c GEN
|d 2010-11-06
|l 15
|m 88
|o 006.3 RUS
|p 3010009419
|r 2025-11-02
|s 2025-10-24
|t 3
|w 2010-11-06
|y BK
|
| 952 |
|
|
|0 0
|1 0
|2 ddc
|4 0
|6 006_300000000000000_RUS_2003
|7 0
|9 13083
|a BRACUL
|b BRACUL
|c GEN
|d 2010-11-06
|l 13
|m 168
|o 006.3 RUS
|p 3010009414
|q 2026-06-02
|r 2026-02-01
|s 2026-02-01
|t 4
|w 2010-11-06
|y BK
|
| 952 |
|
|
|0 0
|1 0
|2 ddc
|4 0
|6 006_300000000000000_RUS_2003
|7 0
|9 13084
|a BRACUL
|b BRACUL
|c GEN
|d 2010-11-06
|l 15
|m 122
|o 006.3 RUS
|p 3010009418
|r 2025-06-22
|s 2025-05-07
|t 5
|w 2010-11-06
|y BK
|
| 952 |
|
|
|0 0
|1 0
|2 ddc
|4 0
|6 006_300000000000000_RUS_2003
|7 0
|9 13085
|a BRACUL
|b BRACUL
|c GEN
|d 2010-11-06
|l 17
|m 190
|o 006.3 RUS
|p 3010009416
|r 2026-05-13
|s 2025-07-10
|t 6
|w 2010-11-06
|y BK
|
| 952 |
|
|
|0 0
|1 0
|2 ddc
|4 0
|6 006_300000000000000_RUS_2003
|7 0
|9 13086
|a BRACUL
|b BRACUL
|c GEN
|d 2010-11-06
|l 15
|m 162
|o 006.3 RUS
|p 3010009861
|r 2022-09-11
|s 2022-06-07
|t 7
|w 2010-11-06
|y BK
|
| 952 |
|
|
|0 0
|1 0
|2 ddc
|4 0
|6 006_300000000000000_RUS_2003
|7 0
|9 13087
|a BRACUL
|b BRACUL
|c GEN
|d 2010-11-06
|l 12
|m 147
|o 006.3 RUS
|p 3010009420
|q 2026-05-21
|r 2026-03-01
|s 2026-03-01
|t 8
|w 2010-11-06
|y BK
|